=LDR 00000nam 2200000 4500 =001 INLIS000000000033210 =005 20200214125740 =035 ##$$a 0010-061300000033210 =008 200214################g##########0#ind## =041 ##$$a ind =082 ##$$a 155.7 =090 ##$$a 155.7, Far p =100 ##$$a Farozin, Muh =245 1#$$a Pemahaman tingkah laku : $b Buku pegangan kuliah /$c Drs. H. Muh. Farozin, M.Pd., Kartika Nur Fathiyah, S.Psi. =260 ##$$a Jakarta :$b Rineka Cipta,$c 2004 =300 ##$$a ix, 98 hlm : $b ilus ; $c 20,5 x 14,5 cm =650 #4$$a Tingkah Laku =700 #$$a Fathiyah, Kartika Nur =850 ##$$a NBPNMAT =020 ##$$a 979-518-920-4 =084 ##$$a 155.7 FAR p =990 ##$$a 21003388 =990 ##$$a 21003389 =990 ##$$a 21003391 =990 ##$$a 21003390 =990 ##$$a 21003390 =990 ##$$a 21003388 =990 ##$$a 21003389 =990 ##$$a 21003391